000 00545nam a2200157Ia 4500
003 GCL
005 20240530102140.0
008 140319s9999 xx 000 0 ara d
040 _aGCL /
_cGCL
082 0 4 _a355.0217
_bن ح
100 _aنزار رباح الريس، فايزة محمد الخرافى
245 1 0 _aالحرب الكيميائية /
_cنزار رباح الريس، فايزة محمد الخرافى
260 _a[S.N] :
_bمؤسسة الكويت للتقدم العلمى ،
_c1986
300 _a293 ص
942 _2ddc
_cBK
999 _c30145
_d30145